000 00600nam a2200241Ia 4500
003 OSt
005 20220924134824.0
006 a|||||r|||| 00| 0
007 ta
008 220923b |||||||| |||| 00| 0 ara d
024 _a287417
037 _cTextual
040 _aARTS
_cARTS
_bara
041 _2ara
_aara
082 _aO28,1:gN9, M6
100 _aMoriya S. Au.
_9209330
245 0 _aAl-sherul arbi al-hadees
260 _c1986
300 _a508p.
_ccm.
650 _aARABIC POETRY
942 _hO28,1:gN9, M6
_cTEXL
_2CC
999 _c438746
_d438746